[Event "Titled Tuesday intern op 16th Apr Late"]
[Site "Chess.com INT"]
[Date "2024.04.16"]
[Round "1"]
[White "Marinakis, Hristos"]
[Black "Baradaran Tamadon, Arian"]
[Result "0-1"]
[WhiteElo "2130"]
[BlackElo "2304"]
[PlyCount "102"]
[EventDate "2024.04.16"]
[EventType "swiss (blitz)"]
[EventRounds "11"]
[EventCountry "USA"]
[SourceTitle "CB17_2024"]
[SourceDate "2024.04.24"]
[SourceVersion "1"]
[SourceVersionDate "2024.04.24"]
[SourceQuality "1"]

1. e4 d5 2. exd5 Qxd5 3. Nc3 Qd6 4. Nf3 Nf6 5. Bc4 Nc6 6. h3 a6 7. 0-0 Bf5 8. d3 e6 9. Bg5 0-0-0 10. a3 h6 11. Bh4 Nd4 12. Bg3 Nxf3+ 13. Qxf3 Qd4 14. Rfe1 Bd6 15. Bxd6 Qxd6 16. b4 g5 17. b5 a5 18. Ne4 Nxe4 19. dxe4 Bg6 20. Qc3 b6 21. Bd3 Qd4 22. Qb3 Qc5 23. Rad1 Rd4 24. c3 Rd6 25. Bf1 Rhd8 26. Rxd6 Rxd6 27. e5 Rd2 28. Re2 Rxe2 29. Bxe2 Qxe5 30. Qc4 Be4 31. Bd3 Bd5 32. Qg4 Qe1+ 33. Kh2 Qxf2 34. c4 Bb7 35. Be4 f5 36. Bxb7+ Kxb7 37. Qd1 Qf4+ 38. Kh1 Qxc4 39. a4 e5 40. Qd7 Qxa4 41. Qc6+ Kb8 42. Qe8+ Ka7 43. Qc6 Qd1+ 44. Kh2 Qd6 45. Qe8 e4+ 46. Kh1 Qf4 47. Qc8 e3 48. Qe8 h5 49. Qc6 g4 50. hxg4 hxg4 51. g3 Qf3+ 0-1

[Event "Titled Tuesday intern op 16th Apr Late"]
[Site "Chess.com INT"]
[Date "2024.04.16"]
[Round "3"]
[White "Mathur, Rithwik"]
[Black "Marinakis, Hristos"]
[Result "0-1"]
[WhiteElo "2111"]
[BlackElo "2130"]
[PlyCount "80"]
[EventDate "2024.04.16"]
[EventType "swiss (blitz)"]
[EventRounds "11"]
[EventCountry "USA"]
[SourceTitle "CB17_2024"]
[SourceDate "2024.04.24"]
[SourceVersion "1"]
[SourceVersionDate "2024.04.24"]
[SourceQuality "1"]

1. d4 Nf6 2. Nf3 e6 3. Bf4 c5 4. e3 Qb6 5. Nc3 Be7 6. a3 0-0 7. Be2 cxd4 8. exd4 a6 9. 0-0 d6 10. h3 Nc6 11. Rb1 Bd7 12. d5 exd5 13. Nxd5 Nxd5 14. Qxd5 Be6 15. Qd2 Rad8 16. Rfd1 Rfe8 17. Nd4 Nxd4 18. Qxd4 Qc7 19. c4 Bf6 20. Qd3 Qa5 21. b4 Qf5 22. Qxf5 Bxf5 23. Bd3 Bxd3 24. Rxd3 Re4 25. Bxd6 Rxc4 26. Rbd1 h6 27. Bg3 Rxd3 28. Rxd3 Rc1+ 29. Kh2 Rc3 30. Rxc3 Bxc3 31. Bd6 b5 32. Kg3 Bb2 33. Kf3 Bxa3 34. Ke4 a5 35. Kd5 Bxb4 36. Bc7 a4 37. Kc6 Bc3 38. Bd6 b4 39. Kb5 a3 40. Ka4 a2 0-1

[Event "GRE-ch 71st"]
[Site "Athens"]
[Date "2022.12.03"]
[Round "1"]
[White "Marinakis, Hristos"]
[Black "Alexiadis, Hristos"]
[Result "1-0"]
[WhiteElo "2118"]
[BlackElo "2342"]
[PlyCount "139"]
[EventDate "2022.12.03"]
[EventType "tourn"]
[EventRounds "9"]
[EventCountry "GRE"]
[EventCategory "4"]
[SourceTitle "CBM 211 Extra"]
[Source "ChessBase"]
[SourceDate "2023.01.31"]
[SourceVersion "1"]
[SourceVersionDate "2023.01.31"]
[SourceQuality "1"]

1. e4 c6 2. d4 d5 3. exd5 cxd5 4. c4 Nf6 5. Nc3 g6 6. Nf3 Bg7 7. Bg5 0-0 8. Bxf6 Bxf6 9. cxd5 Bg4 10. Be2 Qb6 11. 0-0 Qxb2 12. Ne4 Bg7 13. Qd3 Bxf3 14. Bxf3 Qxd4 15. Qxd4 Bxd4 16. Rab1 Bb6 17. d6 exd6 18. Nf6+ Kg7 19. Bxb7 Kxf6 20. Bxa8 Nd7 21. Bd5 Ne5 22. Rfc1 Re8 23. Rc2 h5 24. Kf1 Kg7 25. Rd1 Ng4 26. h3 Nf6 27. Bb3 Rd8 28. Re2 Kf8 29. Bd5 Nxd5 30. Rxd5 Rc8 31. Red2 Bc5 32. Rc2 Rb8 33. Rd3 Rb1+ 34. Ke2 Rg1 35. g3 Kg7 36. h4 Kf8 37. Rb3 Kg7 38. Rb7 Ra1 39. Re7 Kf6 40. Re4 Rb1 41. Kf3 Rb7 42. Ke2 Rb1 43. Kd3 Kg7 44. Kc4 Rf1 45. Rf4 Re1 46. Rd2 Re7 47. Kd5 Rc7 48. Rb2 Ba3 49. Rb3 Bc5 50. a4 a5 51. Rb5 Bb4 52. Rfxb4 axb4 53. Kxd6 Rc2 54. Rxb4 Rxf2 55. a5 Ra2 56. Rb5 Ra3 57. Kc6 Rxg3 58. a6 Ra3 59. Kb6 f5 60. a7 Rxa7 61. Kxa7 f4 62. Kb6 Kf6 63. Kc5 Ke5 64. Kc4+ Ke4 65. Rb6 f3 66. Rxg6 f2 67. Rf6 Ke3 68. Kd5 Ke2 69. Ke5 Ke1 70. Rf4 1-0

[Event "Chania Theodorakis Memorial 1st"]
[Site "Chania"]
[Date "2022.04.27"]
[Round "4"]
[White "Poysti, Nathanael Nicolai"]
[Black "Marinakis, Hristos"]
[Result "0-1"]
[WhiteElo "2190"]
[BlackElo "2129"]
[PlyCount "52"]
[EventDate "2022.04.25"]
[EventType "swiss"]
[EventRounds "9"]
[EventCountry "GRE"]
[SourceTitle "CBM 208 Extra"]
[Source "ChessBase"]
[SourceDate "2022.07.31"]
[SourceVersion "1"]
[SourceVersionDate "2022.07.31"]
[SourceQuality "1"]

1. c4 Nf6 2. Nc3 e5 3. Nf3 Nc6 4. e4 Bc5 5. Nxe5 Nxe5 6. d4 Bb4 7. dxe5 Nxe4 8. Qf3 Nxc3 9. bxc3 Ba5 10. Ba3 Qg5 11. h4 Qg6 12. 0-0-0 Qc6 13. Rd5 b6 14. Bd3 Bb7 15. Kb2 0-0-0 16. Rd1 Qa4 17. Bc2 Qxc4 18. Bb3 Qxh4 19. Qxf7 Bxd5 20. Rxd5 Qe4 21. Be7 Qe2+ 22. Ka3 Bxc3 23. Bxd8 Rxd8 24. Qf4 c6 25. Qc1 Qa6+ 26. Ba4 Qc4 0-1

[Event "GRE-ch U20"]
[Site "Trikala"]
[Date "2021.08.23"]
[Round "1"]
[White "Proutsalis, Marios Alexandros"]
[Black "Marinakis, Hristos"]
[Result "0-1"]
[WhiteElo "1415"]
[BlackElo "2032"]
[PlyCount "63"]
[EventDate "2021.08.23"]
[EventType "swiss"]
[EventRounds "9"]
[EventCountry "GRE"]
[SourceTitle "EXT 2022"]
[Source "ChessBase"]
[SourceDate "2021.10.06"]
[SourceVersion "1"]
[SourceVersionDate "2021.10.06"]
[SourceQuality "1"]

1. e4 e5 2. Nf3 Nc6 3. Bb5 a6 4. Ba4 Nf6 5. d3 d6 6. c3 g6 7. 0-0 Bg7 8. Re1 0-0 9. h3 b5 10. Bc2 Bb7 11. a3 d5 12. exd5 Nxd5 13. Nbd2 f5 14. Nb3 Qd6 15. Qe2 Rae8 16. Be3 Nxe3 17. Qxe3 Kh8 18. Rad1 f4 19. Qc5 Nb8 20. Qxd6 cxd6 21. Ng5 d5 22. Nc5 Bc8 23. Bb3 Rf5 24. Nce4 dxe4 25. Nf7+ Rxf7 26. Bxf7 Rf8 27. Bb3 exd3 28. Rxd3 Bf5 29. Rd6 Nd7 30. f3 Nc5 31. Ba2 Nd3 32. Rd1 0-1

[Event "GRE-ch U18"]
[Site "Chania"]
[Date "2021.07.18"]
[Round "6"]
[White "Stoimenidis, Dimitrios"]
[Black "Marinakis, Hristos"]
[Result "0-1"]
[WhiteElo "1786"]
[BlackElo "2074"]
[PlyCount "86"]
[EventDate "2021.07.15"]
[EventType "swiss"]
[EventRounds "9"]
[EventCountry "GRE"]
[SourceTitle "EXT 2022"]
[Source "ChessBase"]
[SourceDate "2021.10.06"]
[SourceVersion "1"]
[SourceVersionDate "2021.10.06"]
[SourceQuality "1"]

1. d4 d5 2. Bf4 c5 3. e3 Nc6 4. Nf3 Bg4 5. c3 e6 6. Qb3 Qd7 7. Nbd2 a6 8. Ne5 Nxe5 9. Bxe5 Nf6 10. f3 Bh5 11. Be2 Be7 12. 0-0 0-0 13. Qc2 Bg6 14. Bd3 Bxd3 15. Qxd3 Rac8 16. Rad1 Rfd8 17. Qb1 b5 18. e4 b4 19. Kh1 Qb5 20. Bxf6 Bxf6 21. e5 Be7 22. Rc1 bxc3 23. bxc3 cxd4 24. Qxb5 axb5 25. cxd4 Ba3 26. Rxc8 Rxc8 27. Kg1 Rc2 28. Nb3 Rxa2 29. Rf2 Rxf2 30. Kxf2 Bb4 31. Ke2 g6 32. Nc1 Kg7 33. Kd3 h5 34. Kc2 Kh6 35. Ne2 Kg5 36. g3 h4 37. Kd3 Be1 38. g4 h3 39. Ng1 Kh4 40. Ne2 Bf2 41. Kc3 Kg5 42. Kb4 Be3 43. Kxb5 Bf4 0-1

[Event "GRE-chT Online Rapid op 1st"]
[Site "Tornelo INT"]
[Date "2021.02.21"]
[Round "8.6"]
[White "Fanos, Haralambos"]
[Black "Marinakis, Hristos"]
[Result "0-1"]
[WhiteElo "1644"]
[BlackElo "2074"]
[PlyCount "62"]
[EventDate "2021.02.20"]
[EventType "team-swiss (rapid)"]
[EventRounds "9"]
[EventCountry "GRE"]
[SourceTitle "EXT 2023"]
[Source "ChessBase"]
[SourceDate "2022.10.05"]
[SourceVersion "1"]
[SourceVersionDate "2022.10.05"]
[SourceQuality "1"]

1. e4 e5 2. Nf3 Nc6 3. d4 exd4 4. Nxd4 Nf6 5. Nxc6 bxc6 6. e5 Qe7 7. Qe2 Nd5 8. c4 Nb6 9. Nc3 Qe6 10. g3 a5 11. b3 a4 12. Bb2 Bb4 13. Rc1 0-0 14. Bg2 f6 15. 0-0 fxe5 16. Ne4 axb3 17. Ng5 Qf5 18. h4 d5 19. cxd5 cxd5 20. Rxc7 Bd6 21. Rc6 Ba6 22. Qd2 Bxf1 23. Bxf1 bxa2 24. Ba1 Qb1 25. Rxb6 Qxb6 26. Qxd5+ Kh8 27. Bc4 h6 28. Bd3 Rxf2 29. Ne4 Rc2+ 30. Nc5 Qb1+ 31. Bf1 Bxc5+ 0-1

[Event "Paleochora op 13th"]
[Site "Paleochora"]
[Date "2020.07.21"]
[Round "5"]
[White "Ternault, Mathieu"]
[Black "Marinakis, Hristos"]
[Result "1-0"]
[WhiteElo "2363"]
[BlackElo "2076"]
[PlyCount "33"]
[EventDate "2020.07.18"]
[EventType "swiss"]
[EventRounds "9"]
[EventCountry "GRE"]
[SourceTitle "EXT 2021"]
[Source "ChessBase"]
[SourceDate "2020.10.23"]
[SourceVersion "1"]
[SourceVersionDate "2020.10.23"]
[SourceQuality "1"]

1. e4 e5 2. f4 exf4 3. Bc4 Be7 4. Nc3 d6 5. d4 Nf6 6. Bxf4 0-0 7. Qe2 Bg4 8. Nf3 Nh5 9. Be3 Bh4+ 10. g3 Qf6 11. 0-0 Qg6 12. Qg2 Bxf3 13. Rxf3 Bg5 14. Bxg5 Qxg5 15. Nd5 Nc6 16. Rf5 Qg4 17. Be2 1-0

[Event "GRE-ch U18 23rd"]
[Site "Rethymno"]
[Date "2020.01.08"]
[Round "9"]
[White "Marinakis, Hristos"]
[Black "Antonioudakis, Georgios"]
[Result "1-0"]
[WhiteElo "2090"]
[BlackElo "1623"]
[PlyCount "71"]
[EventDate "2020.01.02"]
[EventType "swiss"]
[EventRounds "9"]
[EventCountry "GRE"]
[SourceTitle "EXT 2021"]
[Source "ChessBase"]
[SourceDate "2020.10.23"]
[SourceVersion "1"]
[SourceVersionDate "2020.10.23"]
[SourceQuality "1"]

1. e4 c5 2. Nf3 d6 3. d4 cxd4 4. Nxd4 Nf6 5. Nc3 a6 6. Bc4 e6 7. Bb3 b5 8. Bg5 Be7 9. Qf3 Qc7 10. 0-0-0 Nbd7 11. Rhe1 0-0 12. Qg3 Nc5 13. Bh6 Nxb3+ 14. axb3 Ne8 15. h4 b4 16. Nce2 Bb7 17. Nf4 Bf6 18. Nh5 g6 19. Bxf8 Kxf8 20. Nxf6 Nxf6 21. f3 Rc8 22. Qg5 Kg7 23. e5 dxe5 24. Qxe5 Qxe5 25. Rxe5 Bd5 26. Kb1 Kf8 27. Ne2 Ke7 28. Nf4 Bb7 29. Rd4 Nd7 30. Ra5 Nb8 31. Rxb4 Ba8 32. Rc4 Rxc4 33. bxc4 Bc6 34. b4 Kd7 35. b5 axb5 36. Ra7+ 1-0